Normal view
MARC view
Entry Topical Term
001 - CONTROL NUMBER
- control field: 6927
003 - CONTROL NUMBER IDENTIFIER
- control field: BD-RjUL
005 - DATE AND TIME OF LATEST TRANSACTION
- control field: 20230209103813.0
008 - FIXED-LENGTH DATA ELEMENTS
- fixed length control field: 230209|| aca||aabn | a|a d
040 ## - CATALOGING SOURCE
- Original cataloging agency: BD-RjUL
- Transcribing agency: BD-RjUL
150 ## - HEADING--TOPICAL TERM
- Topical term or geographic name entry element: Islam
- Form subdivision: Arabic literature
670 ## - SOURCE DATA FOUND
- Source citation: Work cat.: (BD-RjUL)81199: হালিম, মো. আব্দুল 6923, সফিউর রহমান মুবারকপুরী :, ২০১৯